| 000 | 00505nam a2200181Ia 4500 | ||
|---|---|---|---|
| 999 |
_c6533 _d6533 |
||
| 003 | OSt | ||
| 005 | 20201208135603.0 | ||
| 008 | 190216s9999||||xx |||||||||||||| ||und|| | ||
| 020 | _a9788129200808 | ||
| 040 | _coclc | ||
| 082 |
_a613.7 _bRAM/S |
||
| 100 |
_aRamacharaka, Yogi _97295 |
||
| 245 | 0 |
_aSecrets Of Hatha Yoga / _cYogi Ramacharaka |
|
| 260 |
_bIndigo Books, _c2004. _aNew Delhi: |
||
| 300 | _a259p | ||
| 650 | _aCommerce | ||
| 942 |
_cBK _2ddc _h613.7 _iRAM/S _k613.7 _mRAM/S |
||